Nové trendy v SCM bakalárska práca

Gespeichert in:
Bibliographische Detailangaben
1. Verfasser: Plešková, Zuzana
Körperschaft: Fakulta hospodárskej informatiky EU. Katedra aplikovanej informatiky
Weitere Verfasser: Jurík, Pavol, 1987-
Format: Buch
Sprache:Slowakisch
Veröffentlicht: Bratislava 2018
Tags: Tag hinzufügen
Keine Tags, Fügen Sie das erste Tag hinzu!

MARC

LEADER 00000nbm a2200000 4500
001 0245305
005 20181015110747.5
041 0 |a slo 
044 |a SK 
245 1 0 |a Nové trendy v SCM  |b bakalárska práca  |c Zuzana Plešková ; školiteľ: Pavol Jurík 
264 1 |a Bratislava  |c 2018 
300 |a 45 s. 
100 1 |a Plešková, Zuzana 
700 1 |a Jurík, Pavol, 1987- 
710 2 |a Fakulta hospodárskej informatiky EU. Katedra aplikovanej informatiky